Electricity and Magnetism (Record no. 712)
[ view plain ]
| 000 -LEADER | |
|---|---|
| fixed length control field | 00388nam a2200157Ia 4500 |
| 008 - FIXED-LENGTH DATA ELEMENTS--GENERAL INFORMATION | |
| fixed length control field | 230711s9999||||xx |||||||||||||| ||und|| |
| 041 ## - LANGUAGE CODE | |
| Language code of text/sound track or separate title | ENG |
| 082 ## - DEWEY DECIMAL CLASSIFICATION NUMBER | |
| Classification number | 537 |
| Item number | MA-E |
| 100 ## - MAIN ENTRY--PERSONAL NAME | |
| Personal name | Mahajan,A.S |
| 245 #0 - TITLE STATEMENT | |
| Title | Electricity and Magnetism |
| 250 ## - EDITION STATEMENT | |
| Edition statement | 1st . Ed. |
| 260 ## - PUBLICATION, DISTRIBUTION, ETC. | |
| Date of publication, distribution, etc. | 2003 |
| Place of publication, distribution, etc. | New Delhi |
| Name of publisher, distributor, etc. | Tata McGraw Hill Education Limited |
| 650 ## - SUBJECT ADDED ENTRY--TOPICAL TERM | |
| Topical term or geographic name entry element | Physics |
| 700 ## - ADDED ENTRY--PERSONAL NAME | |
| Personal name | Rangwala,A.A |
| 942 ## - ADDED ENTRY ELEMENTS (KOHA) | |
| Koha item type | Book |
| Withdrawn status | Lost status | Damaged status | Not for loan | Collection | Home library | Current library | Date acquired | Total checkouts | Full call number | Barcode | Date due | Date last seen | Date last checked out | Price effective from | Koha item type |
|---|---|---|---|---|---|---|---|---|---|---|---|---|---|---|---|
| MRSPTU Central Library | MRSPTU Central Library | 1 | 537 MA-E | 3242 | 09/27/2023 | 09/27/2023 | 09/27/2023 | 08/17/2023 | Book | ||||||
| MRSPTU Central Library | MRSPTU Central Library | 1 | 621 MA-E | 4418 | 02/17/2026 | 01/27/2026 | 08/17/2023 | Book | |||||||
| MRSPTU Central Library | MRSPTU Central Library | 621 MA-E | 4419 | 08/17/2023 | 08/17/2023 | Book | |||||||||
| MRSPTU Central Library | MRSPTU Central Library | 621 MA-E | 4420 | 08/17/2023 | 08/17/2023 | Book | |||||||||
| MRSPTU Central Library | MRSPTU Central Library | 621 MA-E | 4421 | 08/17/2023 | 08/17/2023 | Book | |||||||||
| MRSPTU Central Library | MRSPTU Central Library | 1 | 621 MA-E | 4422 | 01/02/2026 | 12/18/2025 | 08/17/2023 | Book | |||||||
| MRSPTU Central Library | MRSPTU Central Library | 537 MA-E | 14258 | 08/17/2023 | 08/17/2023 | Book | |||||||||
| MRSPTU Central Library | MRSPTU Central Library | 537 MA-E | 14259 | 08/17/2023 | 08/17/2023 | Book | |||||||||
| MRSPTU Central Library | MRSPTU Central Library | 1 | 537 MA-E | 14260 | 02/13/2026 | 01/20/2026 | 08/17/2023 | Book | |||||||
| MRSPTU Central Library | MRSPTU Central Library | 537 MA-E | 14261 | 08/17/2023 | 08/17/2023 | Book | |||||||||
| MRSPTU Central Library | MRSPTU Central Library | 537 MA-E | 14262 | 08/17/2023 | 08/17/2023 | Book |
